Estadísticas para Prueba de Perú

Haz click aquí para tomar la prueba!

Estadísticas generales

  • Esta prueba ha sido tomada 589 veces
  • La puntuación promedio es 14 de 19

Estadísticas de respuestas

PistaRespuesta% Correcto
Capital de PerúLima
100%
La lengua más habladaEspañol
95%
El imperio que gobernó Perú en la época de la conquista españolaImperio Incaico
93%
La cordillera que atraviesa el PerúAndes
90%
La ciudad antigua que es la atracción turística más popular de PerúMachu Picchu
89%
La lengua indígena más hablada (Pista: empieza con Q)Quechua
87%
Lago de gran altitud, compartido con BoliviaLago Titicaca
80%
La semilla, empezando con Q, que crece en las zonas montañosas y es un alimento saludable de moda en todo el mundo.Quinoa
80%
Moneda de PerúSol
79%
Región de la meseta de la respuesta anterior, compartida por Perú y BoliviaAlti{plano}
76%
Plato de pescado crudo marinado en cítricosCeviche
75%
Conquistador que conquistó ese imperioFrancisco Pizarro
74%
Versión más pequeña de una llamaAlpaca o Vicuña
72%
Capital de la respuesta anteriorCuzco
71%
El ex presidente que libró al país de la respuesta anterior, pero fue
condenado por abusos de los derechos humanos y huyó a Japón
Alberto Fujimori
66%
Cóctel nacional{Pisco} Sour
61%
Los guerrilleros maoístas que aterrorizaron el país en la década de 1980Sendero {Luminoso}
60%
La segunda y tercera ciudades más grandes (nombra cualquiera)Trujillo / Arequipa
51%
El fertilizante que una vez fue abundante en las Islas ChinchaGuano
48%

Distribución de puntuación

Porcentaje por número respondido

Porcentaje de gente con cada puntuación

Historial de tus puntuaciones

No has tomado esta prueba